Arrêts de tram de Nantes - Ligne 3 - Statistiques

Statistiques générales
  • Ce quiz a été pris 27 fois
  • Le résultat moyen est 15 sur 32
Statistiques - réponses
Commune Arrêts Correspondances % Correct
Nantes Commerce 1, 2, C2, C3, C8, 26
96%
Nantes Hôtel Dieu 2, C2, C3, C8
78%
Saint-Herblain Marcel Paul C8, 50
78%
Nantes Bretagne
70%
Nantes Viarme - Talensac
70%
Nantes A. Vincent Sainte-Thérèse
61%
Bouguenais Neustrie 36, 40, 78, 88, 98
61%
Nantes Pirmil 2, C4, C9, 27, 28, 36, 38, 42, E8
61%
Rezé 8 Mai 38, 97
57%
Nantes Beauséjour C20, 12, 59, 79, 89
57%
Nantes Vincent Gâche 2, 5
57%
Nantes Félix Faure 26
52%
Nantes Rond-Point de Vannes 10
52%
Nantes Aimé Delrue 2
48%
Nantes Mangin 2, 26
48%
Orvault Orvault - Morlière 50, 69, 89
48%
Rezé Pont Rousseau - Martyrs C4, 38
48%
Nantes Wattignies 2
48%
Nantes Jean Jaurès
43%
Nantes Poitou
43%
Orvault Bignon
39%
Rezé Trocardière
39%
Orvault Ferrière 79
35%
Orvault Plaisance
35%
Saint-Herblain Sillon de Bretagne C8, 50
35%
Rezé Château de Rezé F. Mitterrand
30%
Orvault Jean Rostand
30%
Nantes Longchamp
30%
Rezé Espace Diderot 30, 33
26%
Bouguenais Les Couëts
26%
Rezé Balinière 38
17%
Bouguenais Grande Ouche
17%
Aucun quiz correspondant
Distribution des résultats
% des personnes avec chaque résultat
Percentile par nombre de réponses
Votre historique - résultats
Vous n’avez pas pris ce quiz